00233nam a2200097Ia 4500008004100000020001800041082001400059245003300073260001000106500001900116260604s9999 xx 000 0 und d a9781465451873 a808.3 DKP 0aTurn to Learn Multiplication bSHREE aMultiplication